00357nam a22001337a 450000500170000000800410001704100120005808200120007010000120008224500270009426000460012130000310016765000250019820240729123320.0240729b |||||||| |||| 00| 0 eng d aEnglish a349 SUP lEnglish aSupreme Court Reports  aCape Town:bJuta and Company Ltd, c1902  bliii, 576 pages; c25 cm.  aLegal practice bLaw